000 00618nam a2200229 a 4500
001 BRCA_7102
005 20190321142931.0
008 271211s1929----enka######---#000-0#eng-#
041 _aeng
044 _aenk
050 4 _b.N38 1929
245 1 0 _aNational Gallery, Trafalgar Square
_bCatalogue
250 _a86
260 _aLondres
_bTrustees
_c[19--]
300 _aiv, 464 p.
_c25 cm.
500 _aO113
650 1 4 _aPintura
_vCatálogos
_zInglaterra - Londres
_917651
650 1 4 _aNational Gallery (Great Britain)
_vCatálogos
_917652
710 2 _aNational Gallery
_917653
902 _aGFM
942 _2lcc
_cB
999 _c6783
_d6783